00576nam a22001817a 45000050016000000100013000160200023000290350013000520370010000650820012000751000025000872450085001122600045001972700049002423000026002915000051003177000026003682011092608178.0 aG-001513 c175.00a81203093241daG-001513 bGift  a001.642 aTenenbaum, Aaron M.  aData structures using pascal /cby Aaron M. Tenenbaum [and] Moshe J. Augenstein  aNew Delhi bPrentice Hall of Indiac1995 aM-97, Connaught Circus, bNew Delhi e110001 ax, 774p. c26cm(pbk)  aIncludes bibliographical references and index  aAugenstein, Moshe J.